Statistiken für Filme von Pixar

Klicken Sie hier um das Quiz zu spielen!

Allgemein

  • Dieses Quiz wurde 5.072 mal gespielt
    (4.204 seit der letzten Aktualisierung)
  • Das Durchschnittsergebnis liegt bei 11 aus 28

Antwortstatistiken

JahrFilm% Korrekt
2003Findet Nemo
81%
1995Toy Story
72%
2006Cars
71%
2016Findet Dorie
66%
1999Toy Story 2
65%
2010Toy Story 3
63%
2011Cars 2
62%
2017Cars 3: Evolution
61%
2019A Toy Story: Alles hört auf kein Kommando
56%
2009Oben
48%
2001Die Monster AG
46%
2015Alles steht Kopf
44%
2008WALL·E – Der Letzte räumt die Erde auf
44%
2004Die Unglaublichen
35%
2013Die Monster Uni
34%
2007Ratatouille
30%
2018Die Unglaublichen 2
29%
vsl. 2024Alles steht Kopf 2
25%
2017Coco - Lebendiger als das Leben!
25%
1998Das große Krabbeln
24%
2020Soul
24%
2021Luca
23%
2023Elemental
22%
2012Merida - Legende der Highlands
22%
2022Lightyear
19%
2022Rot
19%
2015Arlo & Spot
14%
2020Onward: Keine halben Sachen
12%

Verteilung der Resultate

Perzentil nach korrekt beantworteten Fragen

Anzahl Personen mit jedem Resultat

Ihre Resultats-Entwicklung

Sie haben dieses Quiz seit der letzten Aktualisierung nicht gespielt